000 01038nam a2200277Ia 4500
003 OSt
005 20221005092125.0
006 a|||||r|||| 00| 0
007 ta
008 221004b |||||||| |||| 00| 0 eng d
020 _a9781848725089 (pbk)
_cUKP 64.99
024 _a29615
037 _bBBS/100, 10/03/2017, Better Book Service
_cTextual
040 _aCRL
_cCRL
_beng
041 _2eng
_aeng
082 _aSN1:(X:8), Q6
100 _aTruxillo Donald M. Au.
_9616918
245 0 _aPsychology and work
_b perspectives on industrial and organizational psychology Donald M Truxillo, Talya N. Bauer and Berrin Erdogan
260 _aNew York
_bRoutledge taylor & francis group USA
_c2016
300 _axiv,576p.
_ccm.
650 _aORGANIZATIONAL BEHAVIOUR
700 _a Bauer Talya N. Au.
_9616919
700 _a Erdogan Berrin Au.
_9616920
942 _hSN1:(X:8), Q6
_cTEXL
_2cc
999 _c998387
_d998387